000 00591nam a22002177a 4500
003 UA-OsUOA
001 68865
007 ta
008 20100525b un ||||| |||| 00| 0 ukr d
100 _aСюндюков І.
090 _a94(477)
_bС98
942 _cSA
040 _aUA-OsUOA
_bukr
_cUA-OsUOA
_dUA-OsUOA
245 _aПілсудський -Петлюра. Союз партнерів-антагоністів
300 _aС.6-7
955 _a0
041 _aukr
080 _a94(477)
773 0 _w68864
650 7 _a9 Географія. Біографії. Історія
_2UDC
999 _c355115
_d355115